Informe final : construïm la nostra eina : procés pressupostos participatius al Figaró-[Montmany] / equip d'investigadors: Marc Balanyach,... [et al.] construïm la nostra eina :
Descripción Física:
51, [28], 45, [30] f. : il., gràf., taules ; 30 cm
Otros Autores:
Balanyach, Marc
MARC
| LEADER | 00000nam a2200000Ia 4500 | ||
|---|---|---|---|
| 001 | 20614 | ||
| 008 | 160829s2004 xx 000 0 cat d | ||
| 080 | |a M-6-65 | ||
| 245 | |a Informe final : |b construïm la nostra eina : |b procés pressupostos participatius al Figaró-[Montmany] / equip d'investigadors: |b Marc Balanyach,... [et al.] | ||
| 260 | |a Barcelona : |b Universitat Autònoma de Barcelona, |c 2004 | ||
| 300 | |a 51, [28], 45, [30] f. : |b il., gràf., taules ; |c 30 cm | ||
| 590 | |a Prové de G-226. | ||
| 590 | |a Dins el Postgrau Participació i desenvolupament sostenible | ||
| 650 | |a Pressupostos municipals |x Figaró - Montmany |9 47633 | ||
| 700 | |a Balanyach, Marc |9 47634 | ||
| 710 | |a Universitat Autònoma de Barcelona |9 17832 | ||
| 710 | 1 | |a Figaró-Montmany (Catalunya). |b Ajuntament |9 55470 | |
| 901 | |a Arxiu | ||
| 942 | |n 1 | ||
| 952 | |0 0 |1 0 |4 0 |6 M665 |7 1 |9 54011 |a Arxiu |b Arxiu |d 2016-12-01 |l 0 |o M-6-65 |p 20614 |r 2016-12-01 00:00:00 |w 2016-12-01 |y ARXIU | ||
| 999 | |c 57879 |d 57879 | ||